Guess the Taylor Swift Song (6) - Statistics

General Stats
  • This quiz has been taken 35 times
    5 since last reset
  • The average score is 101 of 249
Answer Stats
Answer % Correct
a
100%
and
100%
I
100%
it
100%
so
100%
what
100%
when
100%
You
100%
you
100%
but
67%
'cause
67%
I'm
67%
is
67%
me
67%
no
67%
the
67%
all
33%
as
33%
cold
33%
day
33%
for
33%
give
33%
given
33%
have
33%
if
33%
little
33%
need
33%
never
33%
not
33%
now
33%
oh
33%
perfect
33%
say
33%
stood
33%
them
33%
there
33%
through
33%
to
33%
told
33%
up
33%
use
33%
want
33%
wanted
33%
way
33%
with
33%
adore
0%
ain't
0%
anywhere
0%
away
0%
been
0%
best
0%
come
0%
coming
0%
condescending
0%
counted
0%
cried
0%
damn
0%
defending
0%
did
0%
died
0%
do
0%
dreamer
0%
easily
0%
ending
0%
every
0%
fake
0%
feel
0%
fight
0%
great
0%
grey
0%
here
0%
honey
0%
I've
0%
just
0%
know
0%
loving
0%
made
0%
mess
0%
nerve
0%
nobody
0%
of
0%
ooh
0%
paint
0%
put
0%
rainy
0%
scars
0%
shade
0%
shame
0%
sitting
0%
smile
0%
something
0%
start
0%
story
0%
take
0%
that
0%
thing
0%
thinking
0%
very
0%
walk
0%
walls
0%
will
0%
wished
0%
words
0%
wouldn't
0%
No matching quizzes found
Score Distribution
Percent of People with Each Score
Percentile by Number Answered
Your Score History
You have not taken this quiz since the last reset